000 00456nam a2200181Ia 4500
001 15772
005 20260306170220.0
008 260306t2017||||xx |||||||||||||| ||und||
041 _aESP
082 _a620.004
_bH39 2017
100 _aHenry, Kevin
_eAUT
245 0 _aDibujo para diseƱadores de productos:
_bde la idea al papel
260 _c2017
300 _a208 pƔginas :
_c28 cm.
650 _aGEN
654 _aCII
942 _cLIB
_dJUS
_fJUS
_2ddc
_n
999 _c15772
_d15772